000 01112cam a2200205 4500
001 ##L131395
008 051028n2005 000 0 eng u
020 _a1845920325
035 _a(Sirsi) u131395
041 0 _aeng
050 0 4 _a657.863 $2 18
100 1 _aSymons, Ray
245 0 0 _aAccounting for farms
260 _aHaywards Heath
_bTottel Publishing
_c2005
300 _axviii, 351p
_btables
_c23cm.
350 _a64.95
520 _aA practical and comprehensive guide to every aspect of preparing and maintaining agricultural accounts. Coverage includes history of farming; current developments; future developments; farming calendar; farming enterprises; diversification; farming valuations; farm management; enterprise accounts; accounting requirements; accounting and auditing regulations; auditing requirements; farming documentation; ratios and expectations; common taxation issues; accounting for VAT; commercial and operational regulations; investments; and sources of finance.
690 _aPROPERTY-RURAL AND NATURAL ASSETS-RURAL AND NATURAL ASSET VALUATION AND APPRAISAL
942 _n0
999 _c104742
_d104742